Contabilidad moderna 3 /

Guardado en:
Autor Principal: García Apolinar, Edgardo
Formato: Libro
Publicado: Buenos Aires : Troquel, 1979
Edición:9a. ed.
Materias:
Etiquetas: Agregar Etiqueta
Sin Etiquetas, Sea el primero en etiquetar este registro!
LEADER 01700nam a22003135a 4500
001 CEM.cems002773
005 20100611221525.0
008 130507s1979##################000#0#####d
003 CEMS
082 0 4 |a 657 
100 1 |a García Apolinar, Edgardo 
245 1 0 |a Contabilidad moderna 3 /  |c Edgardo García Apolinar 
250 |a 9a. ed. 
260 |a Buenos Aires :  |b Troquel,  |c 1979 
300 |a 325 p. 
505 0 |a Operaciones de la empresa en su relacion con bancos; con bienes de cambio, comercio exterior, con bienes inmuebles y muebles, con capitales e inversiones no habituales; con bienes de terceros.-Sistema de contabilidad utilizados en la mediana y gran empresa.-Balance general de la empresa en marcha por cierre del ejercicio economico.-Analisis de cuentas. 
653 |a Contabilidad 
653 |a Contabilidad 3er. año 
653 |a Contabilidad 3er. año 
859 |a CEMS  |b BIB. CEMS - 11 de abril  |h 657  |i G165a9  |p 11342.82  |t Ej.5  |v III  |3 III 
859 |a CEMS  |b BIB. CEMS - 11 de abril  |h 657  |i G165a9  |p 11343.82  |t Ej.6  |v III  |3 III 
859 |a CEMS  |b BIB. CEMS - 11 de abril  |h 657  |i G165a9  |p 11344.82  |t Ej.7  |v III  |3 III 
859 |a CEMS  |b BIB. CEMS - 11 de abril  |h 657  |i G165a9  |p 11345.82  |t Ej.8  |v III  |3 III 
859 |a CEMS  |b BIB. CEMS - 11 de abril  |h 657  |i G165a9  |p 11346.82  |t Ej.9  |v III  |3 III 
859 |a CEMS  |b BIB. CEMS - 11 de abril  |h 657  |i G165a9  |p 11347.82  |t Ej.10  |v III  |3 III 
859 |a CEMS  |b BIB. CEMS - 11 de abril  |h 657  |i G165a9  |p 7909.80  |t Ej.1  |v III  |3 III 
859 |a CEMS  |b BIB. CEMS - 11 de abril  |h 657  |i G165a9  |p 7910.80  |t Ej.2  |v III  |3 III 
859 |a CEMS  |b BIB. CEMS - 11 de abril  |h 657  |i G165a9  |p 8003.80  |t Ej.3  |v III  |3 III 
859 |a CEMS  |b BIB. CEMS - 11 de abril  |h 657  |i G165a9  |p 8165.80  |t Ej.4  |v III  |3 III